Case studies in oceanography and marine affairs

Αποθηκεύτηκε σε:
Λεπτομέρειες βιβλιογραφικής εγγραφής
Συγγραφή απο Οργανισμό/Αρχή: Open University Oceanography Course Team
Μορφή: Βιβλίο
Γλώσσα:English
Δημοσίευση: Oxford : Pergamon Press, c1991
Θέματα:
Ετικέτες: Προσθήκη ετικέτας
Δεν υπάρχουν, Καταχωρήστε ετικέτα πρώτοι!

MARC

LEADER 00000nam a2200000 i 4500
001 1/17470
008 981006s1991 eng d
020 |a 0-08-036376-8 
035 |l 10020571 
040 |a GR-MY-UA  |b gre  |e aacr 
041 0 |a eng 
082 0 |a 551.46 
110 2 |a Open University  |b Oceanography Course Team. 
245 1 0 |a Case studies in oceanography and marine affairs /  |c prepared by an Open University Course Team 
260 |a Oxford :   |b Pergamon Press,   |c c1991 
300 |a 248 p.  |b ill. 
504 |a Includes bibliographical references and index 
650 0 0 |a Oceanography. 
650 0 0 |a Marine resources. 
650 0 0 |a Maritime law. 
852 |a INST  |b LESVOS  |e 19981006  |h 551.46 CAS  |p 005100012924  |q 005100012924  |t BK  |y 0 
901 |a BIBL-1998-3 
909 |a Λ  |b 059168 
922 |a 1ΕΛΗ  |b 199809  |c ΚΠΣ/ΤΠ  |d ΠΑΠΑΣΩΤΗΡΙΟΥ 
950 |a 107-1998-06-03